| 000 | 01555 a2200217 4500 | ||
|---|---|---|---|
| 001 | 59980 | ||
| 005 | 20260407155852.0 | ||
| 008 | 260407a2005 arg spa d | ||
| 003 | AR-UNSa-BCEJYS | ||
| 040 |
_aAR-UNSa-BCEJYS _bspa _cAR-UNSa-BCEJYS |
||
| 080 |
_a342.729 _xLibertad de reunión, de manifestarse públicamente |
||
| 245 | 1 | 0 |
_aEl derecho a la protesta _pEl primer derecho |
| 020 | _a950-894-485-4 | ||
| 264 | 1 |
_aBuenos Aires : _bAD-HOC _c2005 |
|
| 300 |
_a265 p. _c23 cm. |
||
| 505 | _a1. Ruta 1: Expresión cívica y "cortes de ruta" - 2. Ruta 2: ¿Un camino sin salida? El derecho ante los “cortes de ruta” – 3. Por qué el fallo “Alais” es (jurídicamente) inaceptable – 4. Cómo argumentar (y sobre todo cómo no hacerlo) frente a situaciones de conflicto social. La doctrina argentina frente a la protesta – 5. Inconsistencia y parcialidad. Un examen histórico de la jurisprudencia de la Corte Suprema argentina – 6. “Piedras de papel” y silencio: la crisis política argentina leída desde sus sistema institucional – 7. La alineación política en la Argentina – 8. Derechos especiales para grupos desaventajados – 9. Derechos de grupos, revisión judicial y “motivos personales” – 10. El socavamiento de las instituciones de la democracia constitucional – 11. La última carta. El derecho de resistencia en situaciones de alineación legal – 12. Liberalismo, socialismo y derechos. | ||
| 041 | _aspa | ||
| 942 | _cBK | ||
| 590 | _aniveau_biblio:m niveau_hierar:0 | ||
| 100 | 1 | _aCargarella, Roberto | |
| 999 |
_c6866 _d6866 |
||